| Tag |
First Indicator |
Second Indicator |
Subfields |
| LEADER |
00000cam a2200000 4500 |
| 001 |
in00000214607 |
| 005 |
20151009055148.0 |
| 008 |
770223s1922 nyu 00010 eng d |
| 035 |
|
|
|a (OCoLC)02758572
|
| 035 |
|
|
|9 AAX0075AM
|
| 040 |
|
|
|a CSU
|c CSU
|d TXA
|d UtOrBLW
|
| 049 |
|
|
|a TXAM
|c [32873]
|
| 090 |
|
|
|a PE1574
|b .W4 1922
|
| 100 |
1 |
|
|a Weekley, Ernest,
|d 1865-1954.
|
| 245 |
1 |
4 |
|a The romance of words /
|c by Ernest Weekley.
|
| 250 |
|
|
|a [4th ed.].
|
| 264 |
|
1 |
|a New York :
|b Dutton,
|c [1922]
|
| 300 |
|
|
|a x, 225 pages ;
|c 19 cm.
|
| 336 |
|
|
|a text
|b txt
|2 rdacontent
|
| 337 |
|
|
|a unmediated
|b n
|2 rdamedia
|
| 338 |
|
|
|a volume
|b nc
|2 rdacarrier
|
| 650 |
|
0 |
|a English language
|x Etymology.
|
| 650 |
|
0 |
|a English language
|x Semantics.
|
| 999 |
|
|
|a MARS
|
| 999 |
f |
f |
|s caa07fc8-1923-3c1a-847e-cabd49955a14
|i 6edde6d5-10e1-32cf-b231-812b6e466869
|t 0
|
| 952 |
f |
f |
|p ric
|a Texas A&M University
|b Rellis Campus
|c Joint Library Facility
|s JLF
|d Remote Storage
|t 0
|e PE1574 .W4 1922
|h Library of Congress classification
|i unmediated -- volume
|m A14803600018
|
| 998 |
f |
f |
|a PE1574 .W4 1922
|t 0
|l Remote Storage
|